000 00615nam a2200133Ia 4500
008 171207s9999 xx 000 0 und d
100 _aStone, Garrett A.
245 _aTeaching for critical thinking: preparing hospitality and tourism students for careers in the twenty-first century
245 _cGarrett A. Stone, Lauren N. Duffy, Harrison P. Pinckney & Raine Templeton-Bradley
260 _c2017
300 _apages 67-84, April-June 2017
440 _aTeaching in Travel & Tourism
_v17:2
650 _aTwenty-first century skills, critical thinking, case study learning, undergraduate education, employability
999 _c347528
_d347528